Sideways Stories from Wayside School Characters Quiz Stats

 Plays Quiz not verified by Sporcle

Score 0/32 Timer 15:00
0 Plays Today
Clue Name % Correct
Sent home every day on the kindergarten busTodd
84.3%
The yard teacher; loosely-based on the authorLouis
81.1%
The new teacher; pictures the kids as monkeysMrs. Jewls
79.1%
The class' original teacher; turned into an appleMrs. Gorf
77.1%
Smelly, foul-mouthed many-raincoated boy; turns out he was just a dead ratSammy
74.9%
(Full name only) The second of the three kids with the same name, is nicknamed 'Fatso' despite his slender frameEric Bacon
74.4%
The fastest drawer in Mrs. Jewls' classBebe
74.2%
She doesn't exist, and there is no 19th story. Sorry.Miss Zarves
73.2%
Counts the hairs on his own head; 55,006, all curlyJoe
72.7%
Runs for class president; befriends a bird and names him 'Oddly'Myron
72.7%
(Full name only) One of three kids with the same first name, nicknamed 'Butterfingers' despite being the best athlete in classEric Fry
71.7%
Falls asleep in class and rolls out the windowSharie
70%
Suffering from ichy mosquito bitesDana
69.6%
He sees everything upside-downJohn
69.3%
The worst kickball player in class; turns out he's a lot better at punchingRon
69%
Cannot resist the urge to pull girls' pigtailsPaul
68.6%
Clue Name % Correct
Tries to sell her toesLeslie
68.6%
(Full name only) The third similarly-named kid; nicknamed 'Crabapple' despite positive demeanorEric Ovens
68.6%
Hates everyone except for the kid who turned out to be a dead rat. She thinks he's funny.Kathy
68.1%
After stealing a classmate's lunch, all food she eats just tastes like Miss Mush's cafeteria foodJoy
66.8%
Encounters three strange men in the basement after accidentally coming to school on a SaturdayJenny
66.3%
Receives his come-uppance when, after he kicks every ball over the fence, is himself kicked over the fenceTerrence
66.3%
A boy with a girl's name who attempts to trade names with a girl named Mac from the 23rd floorNancy
65.6%
Sent to deliver a nonexistent note to the nonexistent teacher on the 19th story; gets a small tattoo of a potato on his ankleCalvin
65.3%
The happiest kid in class, and has no reason to beD.J.
64.8%
Eats so much ice cream she no longer likes itMaurecia
64.2%
The only one dressed up for the Halloween party, which does not happen on Halloween, since Halloween fell on Sunday that year.Stephen
63.1%
Her quest is to finally get the green ball at recessDeedee
62.7%
Delivers a particularly painful bite to the yard teacher, despite lacking her two front teethRondi
62.4%
Gets stuck to his chair with bubblegum; has a large mouthJason
60.9%
Is sent up and down the stairs repeatedly to ask the yard teacher whether he wants to watch a movie about turtles. Ultimately, he declines.Dameon
59.7%
A girl with two personalitiesAllison
57.8%

You're not logged in!

Compare scores with friends on all Sporcle quizzes.
OR
Log In

Sporcle TV

Today on Sporcle TV


Watch our educational content, quiz creation guides, and fun videos on Sporcle TV.

Show Comments

Extras

Top Quizzes Today


Score Distribution

Your Account Isn't Verified!

In order to create a playlist on Sporcle, you need to verify the email address you used during registration. Go to your Sporcle Settings to finish the process.

Report this User

Report this user for behavior that violates our Community Guidelines.

Details: